000 02422nam0a2200397 4500
001 RU\NLR\BIBL_A\022317657
005 20240924145636.0
010 _a978-5-907201-90-3
_9600
021 _aRU
_bКН-П-24-044363
_9КН-П-24-4413
035 _a(NLR Aleph) 022317657
090 _a13324845
_c13324845
100 _a20240910d2024 k y0rusy50 ca
101 0 _arus
102 _aRU
105 _aa|||z|||000yy
181 0 _ai3
_baxxe
182 0 _an
200 1 _aКлиническое значение детекции сигнальных лимфатических узлов в лечении опухолей репродуктивной системы
_eруководство для врачей
_f[Константин Джамильевич Гусейнов, канд. мед. наук, врач-онколог, Ольга Алексеевна Смирнова, канд. мед. наук, врач-онколог, Елена Вилльевна Бахидзе, д-р мед. наук, врач-онколог и др.]
_gпод редакцией И. В. Берлева [и др.]
203 _aТекст
_bвизуальный
_cнепосредственный
210 _aСанкт-Петербург
_cЭко-Вектор
_d2024
215 _a247 с.
_cцв. ил., табл.
_d22
300 _aАвт. указаны на 4-й с.
320 _aБиблиогр. в конце гл.
606 1 _aЛимфатические узлы
_jРуководства, пособия и т.п
_9987554
_3RU\NLR\AUTH\6654511
606 1 _aЛимфатические узлы
_jРуководства, пособия и т.п
_xПатологическая морфология при опухолях репродуктивной системы
_92645826
_3RU\NLR\AUTH\6601744857
686 1 _aЕ863.6я77
686 1 _aЕ915я77
686 1 _aР569.71-2я77
701 1 _aГусейнов
_bК. Д.
_gКонстантин Джамильевич
701 1 _7ca
_8rus
_aСмирнова
_bО. А.
_cканд. мед. наук, акушерство
_f1985-
_gОльга Алексеевна
_9220895
_3RU\NLR\AUTH\770220951
701 1 _aБахидзе
_bЕ. В.
_gЕлена Вилльевна
702 1 _aБерлев
_bИ. В.
_gИгорь Викторович
_4340
942 _cBOOK
980 _aNB